Ultimate Monstercat EP Quiz (2011-2016) - Statistics

General Stats
  • This quiz has been taken 3 times
  • The average score is 225 of 488
Answer Stats
EP Tracklist % Correct
Guilty Pleasures High Roller
100%
Guilty Pleasures Razor Sharp (VIP)
100%
Guilty Pleasures So What
100%
The Lost Tracks 20K
67%
Universe 8889
67%
Dreams Air
67%
We're All Mad Here Alive
67%
Alone (The Remixes) {Alone} ({Getter} remix)
67%
Alone (The Remixes) {Alone} ({MRVLZ} remix)
67%
Another Day | Monument Another Day
67%
Trust In Me Anticipation
67%
Destination: Apollo Apollo
67%
Destination: Apollo {Apollo} ({SLDGHMR} remix)
67%
Astrocat Astrocat
67%
Christian The Lion Astronaut Funk
67%
Awake Awake
67%
Renegade Backlash
67%
The Uncaged Remixes {BADBOI} ({Dani} {Deahl} remix)
67%
The Uncaged Remixes {BADBOI} ({VIP})
67%
Bassline Kickin' (The Remixes) {Bassline Kickin'} ({Astronaut} remix)
67%
Bassline Kickin' (The Remixes) {Bassline Kickin'} ({Dzeko} {&} {Torres} remix)
67%
Bassline Kickin' (The Remixes) {Bassline Kickin'} ({Silverback} remix)
67%
Black Sky Black Sky
67%
Blossom Blossom
67%
Secret Weapon Blue
67%
Ask Your Friends First Breathe
67%
Bring The Madness (The Remixes) {Bring} {The} {Madness} ({Aero} {Chord} remix)
67%
Bring The Madness (The Remixes) {Bring} {The} {Madness} ({Erotic} {Cafe'} remix)
67%
Bring The Madness (The Remixes) {Bring} {The} {Madness} ({Noisestorm} remix)
67%
Build the Cities (Reconstructions) {Build} {the} {Cities} ({AC} {Slater} remix)
67%
Build the Cities (Reconstructions) {Build} {the} {Cities} ({Empire} {of} {Sound})
67%
Build the Cities (Reconstructions) {Build} {the} {Cities} ({Grabbitz} remix)
67%
Build the Cities (Reconstructions) {Build} {the} {Cities} ({Kastle} remix)
67%
Build the Cities (Reconstructions) {Build} {the} {Cities} ({Project} {46} remix)
67%
Build the Cities (Reconstructions) {Build} {the} {Cities} ({Rootkit} remix)
67%
Falcon Funk Bust
67%
Prelude Canvas
67%
We're All Mad Here Card Shark
67%
Destination: Champions {Champions} ({Laszlo} remix)
67%
Destination: Champions {Champions} ({WRLD} remix)
67%
Chase It Chase It
67%
F Minor Factory Children of Hell
67%
Closer Closer
67%
Perspectives Coloured Glass
67%
Limitless Crazy
67%
Vonk Dampkring
67%
Dance To It Dance To It
67%
Keeping It Surreal Destroying My World 2
67%
Pink Cloud Downhearted
67%
The Takeover Draining Atlantic
67%
Secret Weapon Dreaming
67%
Dreams Dreams
67%
Awake Drowning
67%
Falcon Funk Easy
67%
Chase It Echo
67%
Elements Elements
67%
Emergency Emergency
67%
Pink Cloud Emoji
67%
Pink Cloud (The Remixes) {Emoji} ({Rogue} remix)
67%
Pink Cloud End Is Near (Fire in the Hole VIP)
67%
Impossible Things Before Breakfast Eye of the Storm
67%
Summer Feels Falling
67%
Dance To It Fat Cat Adventures
67%
___ _____ / _______ ________ Feeling Stronger
67%
___ _____ / _______ ________ (The Remixes) {Feeling} {Stronger} ({High} {Maintenance} remix)
67%
Catalyst Flamewar
67%
Follow You (The Remixes) {Follow} {You} ({VIP})
67%
Vonk Fopspeen
67%
Vonk Fopspeen (Bound 2 U)
67%
The Lost Tracks FrainBreeze
67%
___ _____ / _______ ________ (The Remixes) {Get} {Crazier}
67%
___ _____ / _______ ________ Get Crazy
67%
___ _____ / _______ ________ (The Remixes) {Get} {Crazy} ({AgNO3} remix)
67%
Get On Up (The Remixes) {Get} {On} {Up} ({Glacier} remix)
67%
Get On Up (The Remixes) {Get} {On} {Up} ({Grabbitz} remix)
67%
Get On Up (The Remixes) {Get} {On} {Up} ({Graves} remix)
67%
Hollow Mind Ghost
67%
Keeping It Surreal Gina
67%
Trick or Treat Glimmer
67%
Love & Hate Gone
67%
Christmas Album 2012 Goodbye (Winter Chords)
67%
Growing Up Growing Up
67%
Smashing Newbs Guardian
67%
Heartbeat (The Remixes) {Heartbeat} ({Cash} {Cash} remix)
67%
Heartbeat (The Remixes) {Heartbeat} ({DMNDZ} remix)
67%
Heartbeat (The Remixes) {Heartbeat} ({PIXL} remix)
67%
Heartbeat (The Remixes) {Heartbeat} ({Rameses} {B} remix)
67%
Heartbeat (The Remixes) {Heartbeat} ({Rogue} remix)
67%
Heartbit (The Remixes) {Heartbit} ({VIP})
67%
Hello Hello?
67%
Hello {Hello?} ({Centra} remix)
67%
Hello {Hello?} ({Ephixa} remix)
67%
Hello {Hello?} ({Stephen} {Walking} remix)
67%
Hollow Mind Here
67%
The Uncaged Remixes {Here} {It} {Comes} ({Snavs} {&} {Toby} {Green} remix)
67%
Hipster Cutthroat Hipster Cutthroat
67%
Victory Hold Fast
67%
Hollow Mind Hollow Mind
67%
Ask Your Friends First Hot Pursuit
67%
Guilty Pleasures How U Feelin'
67%
Keeping It Surreal Insecurities
67%
Keeping It Surreal Insomnia
67%
Keeping It Surreal {Insomnia} ({F-777} remix)
67%
Keeping It Surreal {Insomnia} ({Niuby} remix)
67%
Christmas Album 2011 Jingle Bells
67%
Christmas Album 2012 Jingle Bells!
67%
F Minor Factory Junction Seven
67%
Pink Cloud Just Like That
67%
Love & Hate Kid's Play
67%
Fear Is Fleeting Killing Giants
67%
Christian The Lion Knuckles and Broken Goggles
67%
The Lost Tracks Lawless
67%
Closer Law of the Jungle
67%
Falcon Funk Leophant
67%
Renegade Let It Roar
67%
1000 Years Let You Let Me
67%
Letz Rock Letz Rock
67%
Limitless Limitless
67%
Universe Lost In Time
67%
Polygon Madness
67%
Mirai Sekai Mirai Sekai Pt. 3: {Aeon} {Metropolis}
67%
Blossom Moonland
67%
My Prayers Have Become Ghosts My Prayers Have Become Ghosts
67%
New Sky New Sky
67%
Polygon Night Bus
67%
Catalyst Nocturne (Iyawa Yowe)
67%
Old Skool (The Remixes) {Old} {Skool} ({Aero} {Chord} remix)
67%
Old Skool (The Remixes) {Old} {Skool} ({Alex} {Mind} remix)
67%
Old Skool (The Remixes) {Old} {Skool} ({Different} {Heaven} remix)
67%
Old Skool (The Remixes) {Old} {Skool} ({Fractal} remix)
67%
Catalyst One
67%
Peacock Peacock
67%
Peacock {Peacock} ({Haywyre} remix)
67%
Destination: Pinball Pinball
67%
Destination: Pinball {Pinball} ({Bluescreens} remix)
67%
Destination: Pinball {Pinball} ({The} {McMash} {Clan} remix)
67%
Destination: Pinball {Pinball} ({Twine} remix)
67%
Pink Cloud Pink Cloud
67%
Polygon Polygon
67%
Pounce Pounce
67%
Quantum Quantum
67%
Destination: Quantum {Quantum} ({Virtual} {Riot} remix)
67%
Quantum Rain
67%
Destination: Rain | Quantum {Rain} ({MitiS} remix)
67%
Destination: Rain {Rain} ({Stephen} {Walking} remix)
67%
The Takeover Rave Through the Apocalypse
67%
Catalyst Reactions
67%
Rebirth Rebirth
67%
Christmas Album 2012 Reindeer Everywhere
67%
Renegade Renegade
67%
Catalyst ReWel
67%
Ruimtevaart Ruimtevaart
67%
Scorpion Pit (The Remixes) {Scorpion} {Pit} ({Audeka} remix)
67%
Scorpion Pit (The Remixes) {Scorpion} {Pit} ({VIP})
67%
Trick or Treat Shank
67%
Universe Shapes & Shifts
67%
Victory Shrooms
67%
7 Minutes Dead Sidewinder
67%
Summer Feels Signs
67%
Limitless Slide
67%
Secret Weapon Smoke
67%
Christmas Album 2012 Snowman Swag
67%
Some Wobbles Some Wobbles
67%
Some Wobbles {Some} {Wobbles} ({Noisestorm} remix)
67%
Trust In Me So Sure
67%
Summer Feels Stars
67%
Stickup Stickup
67%
Christian The Lion Strong Arm
67%
Chase It Style
67%
Sugar Rush Sugar Rush
67%
Summer Feels Summer
67%
Christian The Lion Supercool!
67%
Surge Surge
67%
Surge {Surge} ({Drum} {&} {Bass} Mix)
67%
Taking Over (The Remixes) {Taking} {Over} ({Grabbitz} remix)
67%
Vonk Tentakel
67%
My Prayers Have Become Ghosts TEVA833
67%
Love & Hate The 90s
67%
This Is Me The Girl
67%
The Girl (The Remixes) {The} {Girl} ({Anevo} remix)
67%
The Girl (The Remixes) {The} {Girl} ({Capital} {A} remix)
67%
The Girl (The Remixes) {The} {Girl} ({Color} {Source} remix)
67%
The Girl (The Remixes) {The} {Girl} ({Stonebank} remix)
67%
The Munsta (The Remixes) {The} {Munsta} ({Aero} {Chord} remix)
67%
The Munsta (The Remixes) {The} {Munsta} ({AlphavibeZ} remix)
67%
The Munsta (The Remixes) {The} {Munsta} ({Nitro} {Fun} remix)
67%
The Takeover The Phantom
67%
New Sky They Just Haven't Seen It
67%
Thundergun Thundergun
67%
Thundergun {Thundergun} ({Apashe} remix)
67%
Thundergun {Thundergun} ({BASSEX} remix)
67%
The Takeover Timberwolf
67%
Timeless Timeless
67%
Fear Is Fleeting To Be Alive
67%
Tonight (The Remixes) Tonight
67%
Tonight (The Remixes) {Tonight} ({Au5} {&} {I.Y.F.F.E} remix)
67%
Trust In Me Trust In Me
67%
Truth (The Remixes) {Truth} ({Candyland} remix)
67%
Truth (The Remixes) {Truth} ({Dabin} remix)
67%
Truth (The Remixes) {Truth} ({xKore} remix)
67%
Universe Universe
67%
Love & Hate Until The End
67%
Polygon Vice
67%
Victory Victory
67%
Victory (The Remixes) {Victory} ({Daktyl} remix)
67%
Vonk Vonk
67%
Waking Dreams Waking Dreams
67%
Waking Dreams {Waking} {Dreams} ({Hellberg} remix)
67%
Waking Dreams {Waking} {Dreams} ({Insan3Lik3} remix)
67%
Waking Dreams {Waking} {Dreams} ({VIP})
67%
Love & Hate Wanchu Back
67%
Destination: War {War} ({F.O.O.L} {&} {Didrick} remix)
67%
Destination: War {War} ({The} {Frederik} remix)
67%
Destination: War {War} ({Zuko} remix)
67%
Christmas Album 2012 We Wish You A Merry Christmas
67%
Universe Where The Light Is
67%
Christian The Lion Winter
67%
Perspectives With You
67%
Smashing Newbs You Clearly Let It Show
67%
Growing Up Yours Truly
67%
Yours Truly (The Remixes) {Yours} {Truly} ({Aaron} {Jackson} remix)
67%
Yours Truly (The Remixes) {Yours} {Truly} ({Summer} {Was} {Fun} remix)
67%
Yours Truly (The Remixes) {Yours} {Truly} ({VIP})
67%
Hollow Mind 2127
33%
Friends 7.6.14
33%
This Is Me A Heartbeat Away
33%
We're All Mad Here A Jester Affair
33%
Closer A King's Life
33%
Alone (The Remixes) {Alone} ({DISKORD} remix)
33%
Alone (The Remixes) {Alone} ({Slushii} remix)
33%
Alone (The Remixes) {Alone} ({Streex} remix)
33%
Hollow Mind Altitude
33%
Another Day {Another} {Day} ({Alternate} Mix)
33%
Another Day {Another} {Day} ({Dub} Mix)
33%
Another Day {Another} {Day} ({Radio} Mix)
33%
Destination: Apollo {Apollo} ({Barely} {Alive} remix)
33%
Destination: Apollo {Apollo} ({DKS} remix)
33%
Destination: Apollo {Apollo} ({Dodge} {&} {Fuski} remix)
33%
Destination: Apollo {Apollo} ({The} {Brig} remix)
33%
Falcon Funk Arcade Love
33%
Friends A Walk to the Gallows
33%
This Is Me Back2You
33%
The Uncaged Remixes {BADBOI} ({Snavs} remix)
33%
Impossible Things Before Breakfast Barghest
33%
Growing Up Beautiful
33%
Growing Up Believe Her
33%
Ask Your Friends First Birds on the Wire
33%
Smashing Newbs Blood Money
33%
Knight Bounty Hunter
33%
Soft Spoken Boy and the Beast
33%
Venture Break Loose
33%
Venture (The Remixes) {Break} {Loose} ({Volant} remix)
33%
Come To Light Breathing Me In
33%
Bring The Madness (The Remixes) {Bring} {The} {Madness} ({Trinergy} {&} {Tim} {Ismag} remix)
33%
Dream Catcher Broken Trust
33%
Build the Cities (Reconstructions) {Build} {the} {Cities} ({Redial} remix)
33%
Earth Cataclysm
33%
Continuum Catalyst
33%
Pounce Catnip Trip
33%
Pounce {Catnip} {Trip} ({Perkulat0r} remix)
33%
Destination: Champions {Champions} ({Silverback} remix)
33%
Destination: Champions {Champions} ({Volant} remix)
33%
Monument Chokehold
33%
The Lost Tracks Close Encounter
33%
Collide (The Remixes) {Collide} ({Astronaut} {&} {Barely} {Alive} remix)
33%
Collide (The Remixes) {Collide} ({Charity} {Strike} remix)
33%
Collide (The Remixes) {Collide} ({Insan3Lik3} remix)
33%
Collide (The Remixes) {Collide} ({Stiletto} remix)
33%
Collide (The Remixes) {Collide} ({Tut} {Tut} {Child} remix)
33%
Elements Cosm
33%
My Prayers Have Become Ghosts Dawn Will Bring Us Death
33%
Deeper Love (The Remixes) {Deeper} {Love} ({DOTH} remix)
33%
Deeper Love (The Remixes) {Deeper} {Love} ({Duko} remix)
33%
Deeper Love (The Remixes) {Deeper} {Love} ({Snavs} remix)
33%
Deeper Love (The Remixes) {Deeper} {Love} ({Stonebank} remix)
33%
Deeper Love (The Remixes) {Deeper} {Love} ({Xan} {Griffin} remix)
33%
Venture Deluxe
33%
Closer Destination
33%
Venture Deya
33%
Venture (The Remixes) {Deya} ({Osmo} remix)
33%
Knight Distorted Reality
33%
Christmas Album 2011 Doesn't Feel Like Christmas
33%
Pink Cloud (The Remixes) {Downhearted} ({Chimeric} remix)
33%
Pink Cloud (The Remixes) {Downhearted} ({MIU} remix)
33%
Pink Cloud (The Remixes) {Downhearted} ({Morgan} {Page} remix)
33%
Pink Cloud (The Remixes) {Downhearted} ({Quiet} {Disorder} remix)
33%
Pink Cloud (The Remixes) {Downhearted} ({Topi} remix)
33%
Dance To It Dragon Pirates
33%
Dream Catcher Dream Catcher
33%
Sugar Rush Dream of You
33%
Ruimtevaart Eenhoorn
33%
Continuum Ekho
33%
Emergency {Emergency} ({Instrumental})
33%
Emergency {Emergency} ({Radio} {Edit})
33%
Pink Cloud (The Remixes) {Emoji} ({Faustix} {&} {Fat} {Pony} remix)
33%
Pink Cloud (The Remixes) {Emoji} ({Party} {Thieves} {&} {Dr.} {Fresch} remix)
33%
Pink Cloud (The Remixes) {Emoji} ({$unday} {$ervice} remix)
33%
Pink Cloud (The Remixes) {End} {Is} {Near} ({Bear} {Grillz} remix)
33%
Pink Cloud (The Remixes) {End} {Is} {Near} ({Castor} {Troy} remix)
33%
Soft Spoken Enough Is Enough
33%
Dreams Escape
33%
Come To Light Everything
33%
Growing Up Evolution
33%
Knight Fairytaler
33%
Wanna Know You False Dawn
33%
___ _____ / _______ ________ (The Remixes) {Feeling} {Stronger} ({Priority} {One} {&} {NCT} remix)
33%
Monument Finally
33%
Venture Find That Someone
33%
Venture (The Remixes) {Find} {That} {Someone} ({Tobtok} remix)
33%
Follow You (The Remixes) {Follow} {You} ({Ducked} {Ape} remix)
33%
Follow You (The Remixes) {Follow} {You} ({Fractal} Chill Mix)
33%
Follow You (The Remixes) {Follow} {You} ({Rhythmics} remix)
33%
Follow You (The Remixes) {Follow} {You} ({Rootkit} remix)
33%
Follow You (The Remixes) {Follow} {You} ({Virtual} {Riot} remix)
33%
Follow You (The Remixes) {Follow} {You} ({Volant} remix)
33%
Christmas Album 2011 Forgotten Kingdom
33%
7 Minutes Dead Free
33%
Friends Friends
33%
Earth From the Dust
33%
Astrocat Galactic Voyage
33%
Get On Up (The Remixes) {Get} {On} {Up} ({Candyland} remix)
33%
Get On Up (The Remixes) {Get} {On} {Up} ({Getter} remix)
33%
Get On Up (The Remixes) {Get} {On} {Up} ({YULTRON} remix)
33%
Hipster Cutthroat Gibberish
33%
Impossible Things Before Breakfast Gravity
33%
Smashing Newbs Hawkling Street
33%
My Prayers Have Become Ghosts Hear, Smith of Heavens
33%
Heartbeat (The Remixes) {Heartbeat} ({Popeska} remix)
33%
Heartbeat (The Remixes) {Heartbeat} ({Xristo} remix)
33%
Heartbit (The Remixes) {Heartbit} ({MIU} remix)
33%
Heartbit (The Remixes) {Heartbit} ({Quiet} {Disorder} remix)
33%
Victory (The Remixes) {Hold} {Fast} ({KRANE} remix)
33%
Dogma Hostage
33%
Christmas Album 2012 Imaginary Friend
33%
Fear Is Fleeting I'm Here
33%
Keeping It Surreal {Insomnia} ({MAKRO} remix)
33%
____ / ________ Ison
33%
Perspectives Joyride
33%
Pink Cloud (The Remixes) {Just} {Like} {That} ({Terravita} remix)
33%
Pink Cloud (The Remixes) {Just} {Like} {That} ({Tumult} remix)
33%
Fear Is Fleeting Just You
33%
Knight Knight
33%
My Prayers Have Become Ghosts Lest We Resign to Oblivion
33%
Fear Is Fleeting Listen to the Storm
33%
Chase It Little Too Close
33%
Monument Lost Without You
33%
1000 Years Love Is Killing Me
33%
We're All Mad Here Made It For Me
33%
Trust In Me Make Me Feel
33%
Matches (The Remixes) {Matches} ({Acoustic})
33%
Matches (The Remixes) {Matches} ({Dark} {Cat} {&} {VYNYL} remix)
33%
Matches (The Remixes) {Matches} ({Subtact} remix)
33%
Mirai Sekai Mirai Sekai Pt. 1: {Neo}-{Seoul}
33%
Mirai Sekai Mirai Sekai Pt. 2: {Neo}-{Tokyo}
33%
Mirai Sekai Mirai Sekai Pt. 4: {Goodnight}_{Sequence}
33%
Dreams Moments
33%
Spection Mountain Hunter
33%
Hollow Mind My Galaxy
33%
Friends Nebula
33%
Timeless Never Forget
33%
Perspectives New Rules
33%
Old Skool (The Remixes) {Old} {Skool} ({Nitro} {Fun} remix)
33%
Trust In Me One Step Forward
33%
Closer Our Arrival
33%
Rebirth Outro
33%
____ / ________ Pavonine
33%
Letz Rock Pegasus
33%
Earth Perfect Views
33%
Ruimtevaart Pilvorm
33%
Destination: Pinball {Pinball} ({Bear} {Grillz} remix)
33%
Destination: Pinball {Pinball} ({Dubsidia} remix)
33%
Destination: Pinball {Pinball} ({Skapes} {&} {Astronaut} remix)
33%
Pink Cloud (The Remixes) {Pink} {Cloud} ({FKYA} remix)
33%
Pink Cloud (The Remixes) {Pink} {Cloud} ({JumoDaddy} remix)
33%
Pink Cloud (The Remixes) {Pink} {Cloud} ({Toby} {Green} remix)
33%
Ask Your Friends First Plain Sight
33%
F Minor Factory Play
33%
Prelude Prelude
33%
Sugar Rush Promises
33%
1000 Years Pump It Up
33%
Smashing Newbs Pushed Away
33%
Destination: Quantum {Quantum} ({Hellberg} remix)
33%
Destination: Quantum {Quantum} ({Spag} {Heddy} remix)
33%
Black Sky Rada
33%
Destination: Rain {Rain} ({Centron} remix)
33%
Monument Ready
33%
Prelude Recovery
33%
________ / _______ Restless
33%
The Lost Tracks Revenge of the Nerds (VIP)
33%
The Lost Tracks Rocktronik
33%
Wanna Know You Scars
33%
Scorpion Pit (The Remixes) {Scorpion} {Pit} ({Disprove} remix)
33%
Scorpion Pit (The Remixes) {Scorpion} {Pit} ({Mandorli} remix)
33%
Secret Weapon Secret Weapon
33%
Friends Sentient
33%
Timeless Serenity
33%
Come To Light Silence
33%
We're All Mad Here Singularity
33%
Christmas Album 2012 Sleigh Ride
33%
Soft Spoken Soft Spoken
33%
Black Sky Soulseeker
33%
Spection Spection
33%
Stickup {Stickup} ({Modestep} remix)
33%
Dogma Stop At Nothing
33%
Dogma Surrounded
33%
Taking Over (The Remixes) {Taking} {Over} ({SirensCeol} remix)
33%
Come To Light Telling Me
33%
F Minor Factory The Factory
33%
7 Minutes Dead The Follower
33%
The Girl (The Remixes) {The} {Girl} ({Mr} {FijiWiji} remix)
33%
Trick or Treat The Man Who Laughs
33%
The Munsta (The Remixes) {The} {Munsta} ({Aaron} {Jackson} remix)
33%
Rebirth The Only Road
33%
7 Minutes Dead The Passing
33%
My Prayers Have Become Ghosts The Pink Killing Floor
33%
My Prayers Have Become Ghosts The Pink Killing Floor (Radio Edit)
33%
Dogma Thought Police
33%
Christmas Album 2011 Throne of Ravens
33%
Earth Through the Dark
33%
Dogma Time To Say Goodbye
33%
Tonight (The Remixes) {Tonight} ({CPT} remix)
33%
Tonight (The Remixes) {Tonight} ({Flumer} remix)
33%
Tonight (The Remixes) {Tonight} ({Lush} {&} {Simon} remix)
33%
Truth (The Remixes) {Truth} ({Anna} {Yvette} remix)
33%
Truth (The Remixes) {Truth} ({The} {Dirty} {Tees} remix)
33%
Timeless Underwater
33%
Soft Spoken Vagabond
33%
Soft Spoken Vagrant
33%
Ruimtevaart Veterstift
33%
________ / _______ Vicimus
33%
Friends Voyager
33%
Continuum Waiting
33%
Waking Dreams {Waking} {Dreams} ({Soulero} remix)
33%
Wanna Know You Wanna Know You
33%
Destination: War {War} ({DISKORD} remix)
33%
Destination: War {War} ({Teddy} {Killerz} remix)
33%
This Is Me Wasted Summer
33%
Friends Way Too Deep
33%
We Are One {We} {Are} {One} ({Radio} {Edit})
33%
Trick or Treat Welcome to the Zombie Disco
33%
Rebirth What We Want
33%
Christmas Album 2011 Wipeout
33%
Soft Spoken Without Me
33%
We're All Mad Here Yockenthwaite
33%
Smashing Newbs Young and Free
33%
1000 Years Your Time
33%
Alone (The Remixes) {Alone} ({LUCA} {LUSH} remix)
0%
______ / ____ ____ Ballin'
0%
Collide (The Remixes) {Collide} ({Instrumental})
0%
Collide (The Remixes) {Collide} ({Revolvr} remix)
0%
Christmas Album 2011 Come Back To Me
0%
Venture (The Remixes) {Deluxe} ({Duskus} remix)
0%
Awake Discovery
0%
______ / ____ ____ Don't Stop
0%
Pink Cloud (The Remixes) {Downhearted} ({Ryos} remix)
0%
Prelude Elemental
0%
Pink Cloud (The Remixes) {Emoji} ({Prismo} {&} {Cursor} remix)
0%
Heartbit (The Remixes) {Heartbit} ({12th} {Planet} remix)
0%
Heartbit (The Remixes) {Heartbit} ({Sikdope} remix)
0%
Heartbit (The Remixes) {Heartbit} ({Tommie} {Sunshine} {&} {Usica} remix)
0%
Friends Here With You Now
0%
Pink Cloud (The Remixes) {Just} {Like} {That} ({Rusko} remix)
0%
Pink Cloud (The Remixes) {Just} {Like} {That} ({Two} {Friends} remix)
0%
This Is Me Love You Now
0%
Matches (The Remixes) {Matches} ({Hyper} {Potions} remix)
0%
Matches (The Remixes) {Matches} ({Mr} {FijiWiji} remix)
0%
Matches (The Remixes) {Matches} ({Slippy} remix)
0%
Pink Cloud (The Remixes) {Pink} {Cloud} ({Madnap} remix)
0%
Fear Is Fleeting Play Pretend
0%
Destination: Quantum {Quantum} ({Cutline} remix)
0%
Destination: Quantum {Quantum} ({Dilemn} remix)
0%
Destination: Rain {Rain} ({Calvertron} remix)
0%
Destination: Rain {Rain} ({DFlent} remix)
0%
Destination: Rain {Rain} ({Raise} {Spirit} remix)
0%
___________ (___ / ________) {Synchronize} ({Acoustic})
0%
___________ (___ / ________) {Synchronize} ({VIP})
0%
Taking Over (The Remixes) {Taking} {Over} ({Synchronice} remix)
0%
Prelude The Journey
0%
Friends Transition
0%
Truth (The Remixes) {Truth} ({Filter} {Crush} remix)
0%
Friends Turn Around
0%
We Are One {We} {Are} {One} ({Acapella})
0%
We Are One {We} {Are} {One} ({Original} Mix)
0%
We Are One {We} {Are} {One} ({Original} {Vocal} Mix)
0%
Yours Truly (The Remixes) {Yours} {Truly} ({JIKES} remix)
0%
Yours Truly (The Remixes) {Yours} {Truly} ({Vacant} remix)
0%
No matching quizzes found
Score Distribution
Percent of People with Each Score
Percentile by Number Answered
Your Score History
You have not taken this quiz